000 00461nam a2200169Ia 4500
003 GCL
008 140319s9999 xx 000 0 ara d
040 _aGCL /
_cGCL
082 0 4 _a956.9
_bم ح
100 1 _aماكاى, جورج
245 1 0 _aحروب اسرائيل الثلاثة? /
_cماكاى, جورج
490 _a
650 0 4 _aالنزاع العربى الاسرائيلى
650 0 4 _aالحروب
650 0 4 _aاليهود
942 _2ddc
_cBK
999 _c38476
_d38476